Bible Atlas (Record no. 16477)

MARC details
000 -LEADER
fixed length control field 00623nam a2200253 a 4500
020 ## - INTERNATIONAL STANDARD BOOK NUMBER
ISBN 9781558197091
082 00 - DEWEY DECIMAL CLASSIFICATION NUMBER
Classification number 912.0983
Author Cutter BRI
100 ## - MAIN ENTRY--AUTHOR NAME
Author name Brisco, Thomas V
245 ## - TITLE STATEMENT
Title Bible Atlas
260 ## - PUBLICATION, DISTRIBUTION, ETC. (IMPRINT)
Place of publication Korea
Name of publisher Holman Reference
Year of publication 1998
300 ## - PHYSICAL DESCRIPTION
Number of Pages 285p
500 ## - GENERAL NOTE
General note includes index and biblioraphy
505 2# - FORMATTED CONTENTS NOTE
Formatted contents note Bibliography, Indices
650 ## - SUBJECT ADDED ENTRY--TOPICAL TERM
Topical Term Atlases-Bible
650 ## - SUBJECT ADDED ENTRY--TOPICAL TERM
Topical Term Bible-Geography
942 ## - ADDED ENTRY ELEMENTS (KOHA)
Koha item type Books
700 1# -
-- Brisco, Thomas V
Holdings
Collection code Home library Current library Date acquired Cost, normal purchase price Full call number Accession Number Koha item type
  Henry Martyn Institute Library Henry Martyn Institute Library 04/13/2010 1115.00 912.0983 BRI 023246 Books
                   Copyright © 2026 | Henry Martyn Institute | Hyderabad | TS-500052 | INDIA | Implemented by hmi.edu.in
Hit-Count:

Powered by Koha